000 00512nam a2200181Ia 4500
001 4570
005 20260306145805.0
008 260306t2007||||xx |||||||||||||| ||spa||
041 _aESP
082 _a324.985
_bJ92C
100 _aPerú. Jurado Nacional de Elecciones. Gerencia de Educación Electoral y Comunicaciones
_eAUT
245 0 _aContribución del Perú para todas las naciones
260 _c2007
300 _a121 páginas :
_c30 cm.
650 _aGEN
654 _aCDE
942 _cLIB
_dJUS
_fJUS
_2ddc
_n
999 _c4570
_d4570